Central Library OPAC University of Rajshahi

চণ্ডীদাস-প্রসঙ্গ / (Record no. 53562)

MARC details
000 -LEADER
fixed length control field 00953nam a2200229 a 4500
001 - CONTROL NUMBER
control field 53562
003 - CONTROL NUMBER IDENTIFIER
rucl marc code BD-RjUL
005 - DATE AND TIME OF LATEST TRANSACTION
control field 20211209080002.0
008 - FIXED-LENGTH DATA ELEMENTS--GENERAL INFORMATION
fixed length control field 161017s1959 ii ||||| |||| 00| 0 ben d
035 ## - SYSTEM CONTROL NUMBER
System control number (BD-RjUL)53684
040 ## - CATALOGING SOURCE
Original cataloging agency BD-RjUL
Language of cataloging ben
Transcribing agency BD-RjUL
041 ## - LANGUAGE CODE
Language code of text/sound track or separate title ben
082 ## - DEWEY DECIMAL CLASSIFICATION NUMBER
Edition number 23
Classification number 891.44109
Author mark and year BIC 1959
100 ## - MAIN ENTRY--PERSONAL NAME
Personal name বিদ্যাবিনোদ, সত্যকিঙ্কর সাহানা
9 (RLIN) 160066
245 10 - TITLE STATEMENT
Title চণ্ডীদাস-প্রসঙ্গ /
Statement of responsibility, etc. সত্যকিঙ্কর সাহানা বিদ্যাবিনোদ
250 ## - EDITION STATEMENT
Edition statement ১ম সং.
260 ## - PUBLICATION, DISTRIBUTION, ETC. (IMPRINT)
Place of publication, distribution, etc. কলিকাতা :
Name of publisher, distributor, etc. জিজ্ঞাসা,
Date of publication, distribution, etc. ১৯৫৯ [১৩৬৬]
300 ## - PHYSICAL DESCRIPTION
Pagination ৯৮ পৃ. ;
Size ১৯ সেমি.
650 ## - SUBJECT ADDED ENTRY--TOPICAL TERM
Topical term or geographic name as entry element বাংলা কবিতা
General subdivision ইতিহাস ও সমালোচনা
9 (RLIN) 160067
Topical term or geographic name as entry element Bengali Poetry
General subdivision History & Criticism
9 (RLIN) 121573
942 ## - ADDED ENTRY ELEMENTS (KOHA)
Source of classification or shelving scheme Dewey Decimal Classification
Koha item type Books
Holdings
Lost status Source of classification or shelving scheme Damaged status Not for loan Collection code Permanent Location Current Location Shelving location Date acquired Source of acquisition Cost, normal purchase price Total Checkouts Full call number Date last seen Copy number Koha item type
  Dewey Decimal Classification     Non-fiction Central Library, University of Rajshahi Central Library, University of Rajshahi   05/11/1974 Jonathon Wren & Co. 2.50   B 891.44109 BIC 1959 17/10/2016 C-2 Books